Saberes y sabores de Boruca /
Uloženo v:
| Hlavní autor: | |
|---|---|
| Médium: | Neznámo |
| Vydáno: |
San José, Costa Rica :
sin editorial
|
| Tagy: |
Přidat tag
Žádné tagy, Buďte první, kdo vytvoří štítek k tomuto záznamu!
|
MARC
| LEADER | 00000 a2200000 04500 | ||
|---|---|---|---|
| 001 | 44476 | ||
| 003 | |||
| 008 | 991231s d | ||
| 040 | |||
| 020 | |a 978-9968-47-295-1 | ||
| 090 | |a 1001 G243s | ||
| 100 | |a Garro Valverde, Leila | ||
| 245 | |a Saberes y sabores de Boruca / |c Leila Garro Valverde | ||
| 260 | |a San José, Costa Rica : |b sin editorial | ||
| 300 | |a 188 páginas : fotos | ||
| 999 | |c 14996 |d 14996 | ||



